000 00235nam a22000857a 4500
008 160914b xxu||||| |||| 00| 0 eng d
100 _9465
_aAggarwal.N.K.
245 _aGreat Fun with Grammer
260 _aNew Delhi
_bMacmilan Publications
_c2012
999 _c3123
_d3123